000 00758nam a2200205Ii 4500
003 JO-AjNU
008 230605s9999||||xx |||||||||||||| ||und||
040 _aJO-AjNU
_bara
_erda
_cJO-AjNU
041 _aara
050 1 4 _aDS94.97.H67.H35 1996
100 3 _aتاليف حمدان، حمدان,
_eauthor
_913703
245 0 0 _aأكرم الحوراني رجل التاريخ
250 _aط1
264 3 1 _aبيروت: بيسان للنشر والتوزيع والاعلام، 1996
300 _a397ص
_bصور توضيحية
336 _atext
_btxt
_2rdacontent
337 _aunmediated
_bn
_2rdamedia
338 _avolume
_bnc
_2rdacarrier
650 4 _aسياسيون سوريون- عالم عربي- تاريخ، اكرم الحوراني 1914-1996
_913704
999 _aA3480
_c7048
_d7048